000 00357nam a2200145 i 4500
001 bg
100 1 _aWÓJCIK, Teresa
245 0 _aPodręcznik do nauczania /
_cTeresa Wójcik, Adam Hurmyło.
260 _aCzęstochowa,
_c1979.
700 1 _aHURMYŁO, Adam
040 _cBPK
041 _apol
942 _cKS
008 s pl f |000 0 pol
999 _c18496
_d18496
856 _uhttp://koha.tu.koszalin.pl/cgi-bin/koha/opac-detail.pl?biblionumber=18496
_yKatalog online BPK